Famous People from Gainesville by Picture - Statistics

General Stats
  • This quiz has been taken 7 times
  • The average score is 25 of 124
Answer Stats
Picture Hint Answer % Correct
Actor (born 1974) Joaquin Phoenix
71%
Musician (1950-2017) Tom Petty
71%
Basketball Player (born 1997) Ike Smith
57%
YouTuber / Software Engineer (born 1992) Jarvis Johnson
57%
Sports Broadcaster / TV Host (born 1981) Jenn Brown
57%
Football Player (born 1993) Jordan Williams
57%
Football Player (1979-2018) Kenyatta Jones
57%
Actor / Musician (1970-1993) River Phoenix
57%
Basketball Player (born 1962) Tammy Jackson
57%
Anti-Islamic Activist / Pastor (born 1951) Terry Jones
57%
Football Player (born 1971) Willie Jackson
57%
Actress / Comedian / Singer (born 1972) Maya Rudolph
43%
Football Player (born 1994) Nigel Harris
43%
Football Player (born 1973) Yatli Green
43%
Football Player (born 1979) Adrian Peterson
29%
Swimmer (born 1977) Allison Wagner
29%
Baseball Player (born 1985) Andrew Miller
29%
Physicist (1917-1966) Carolyn Parker
29%
Mixed Martial Artist (born 1979) Charles Bennett
29%
Football Player (born 1994) Chris Thompson
29%
Football Player (born 1972) Clay Helton
29%
U.S. Representative (1907-1997) Donald Ray Matthews
29%
Author (1935-2012) Harry Crews
29%
President of the University of St. Thomas & Santa Clara University (born 1957) Julie Sullivan
29%
Actress (born 1969) Lisa Nicole Carson
29%
Football Player & Coach (born 1976) Mike Peterson
29%
Basketball Player (born 1982) Orien Greene
29%
Musician (born 1945) Stephen Stills
29%
Football Coach & Player (born 1945) Steve Spurrier
29%
Sprinter (born 2000) Tamari Davis
29%
Football Player (1946-2010) Wayne Patrick
29%
U.S. Senator (1873-1951) William Luther Hill
29%
Football Coach (born 1971) Will Muschamp
29%
Actress (born 1998) Abigail Cowen
14%
Actress (born 1970) Alysia Reiner
14%
Football Player (born 2002) Anthony Richardson
14%
Musician (born 1953) Benmont Tench
14%
Athletic Director (born 1968) Bernard Muir
14%
Musician (born 1947) Bernie Leadon
14%
Football Player (1936-2019) Bernie Parrish
14%
Singer (born 1963) Beverly Crawford
14%
Football Player & Coach / Athletic Director (born 1945) Bill Carr
14%
Football Player (born 1984) Billy Latsko
14%
Golfer (born 1985) Bobby Gates
14%
Baseball Player (born 1990) Brian Ellington
14%
Actress (born 1976) Brittany Daniel
14%
Football Player (born 1988) Carlton Mitchell
14%
Adult Film Actress & Director (born 1990) Casey Calvert
14%
Singer (1948-2017) Charles Bradley
14%
Football Player (born 1973) Chris Doering
14%
Football Player (born 1998) Chris Rumph II
14%
Architect (born 1942) Christopher Charles Benninger
14%
Musician (born 1974) Chuck Ragan
14%
Chess Player (born 1985) Cindy Tsai
14%
Football Player (born 1981) Clinton Portis
14%
FEMA Administrator (born 1959) Craig Fugate
14%
Photographer / Actress (born 1976) Cynthia Daniel
14%
Basketball Coach (born 1958) Dale Layer
14%
Actor / College Athlete (1907-1977) Dale Van Sickel
14%
Football Coach (born 1959) Danny Hope
14%
Basketball Player (born 1999) Darius Days
14%
Army Captain (born 1948) David A. Christian
14%
Actor (1950-2012) Dennis Bowen
14%
Songwriter / Producer (born 1953) Desmond Child
14%
Musician (born 1947) Don Felder
14%
Football Coach (born 1932) Doug Dickey
14%
Co-Founder of Facebook & Asana (born 1984) Dustin Moskovitz
14%
Football Coach & Player (born 1962) Dwayne Dixon
14%
Football Player (born 1959) Fred Marion
14%
Football Player (born 1996) Hamp Cheevers
14%
Mayor (born 1966/1967) Harvey Ward
14%
Soccer Player (born 1993) Havana Solaun
14%
Football Player (born 1981) Ian Scott
14%
Navy Four-Star Admiral (1912-2007) Jackson D. Arnold
14%
Basketball Coach (born 1971) Jeff Neubauer
14%
Musician (born 1985) Jeremy McKinnon
14%
Basketball Player (born 1984) Jessica Dickson
14%
Author (born 1943) Joe Haldeman
14%
Author (born 1960) Joel Achenbach
14%
Football Player (born 1949) John James
14%
Musician (born 1967) John Vanderslice
14%
Sprinter (born 1998) Josephus Lyles
14%
Professional Wrestler / Actress (born 1985) Lana
14%
Golfer (born 1955) Laura Baugh
14%
Musician (born 1980) Laura Jane Grace
14%
Mayor (born 1970/1971) Lauren Poe
14%
Baseball Player & Coach (born 1973) Marty Janzen
14%
Baseball Player & Manager (born 1972) Marty Malloy
14%
Volleyball Coach (born 1959) Mary Wise
14%
Actor (1959-1989) Merritt Butrick
14%
Legislative Icon (1886-1974) Nell Foster Rogers
14%
Sprinter (born 1997) Noah Lyles
14%
Football Player (born 1995) Ogbonnia Okoronkwo
14%
Baseball Player (born 1995) Phoenix Sanders
14%
Speaker of the Florida House / Education Commissioner of Florida (1920-2021) Ralph Turlington
14%
Novelist (born 1963) Rebecca Heflin
14%
Football Player (born 1976) Robert Baker
14%
Actor (born 1985) Robert Hoffman
14%
Army Major General / USAWC Commandant (born 1944) Robert H. Scales
14%
Skateboarder (born 1966) Rodney Mullen
14%
Musician (born 1948) Ron Blair
14%
Artist (born 1942) R. Tom Gilleon
14%
Basketball Player (born 1993) Scottie Wilbekin
14%
Actor (born 1977) Shane McRae
14%
Musician (born 1955) Stan Lynch
14%
Internet Personality (born 1989) Thomas Sanders
14%
Football Player (1949-2005) Tom Bailey
14%
Football Player (born 1978) Tony Beckham
14%
Football Player (born 1994) Tony Brooks-James
14%
Football Player (born 1964) Tracy Ham
14%
Football Player (born 1976) Travis McGriff
14%
Basketball Player (born 2001) Tre Mann
14%
Baseball Player (born 1989) Tyler Holt
14%
Basketball Player (born 1965) Vernon Maxwell
14%
Singer-Songwriter (born 1973) Django Haskins
0%
Football Player (born 1990) Earl Okine
0%
Football Player (born 1991) Harold 'Gator' Hoskins
0%
Athlete / Coach / Athletic Director (1905-1969) Jack McDowall
0%
Football Coach & Player (born 1976) Jimmy Brumbaugh
0%
Football Player (born 1990) Lerentee McCray
0%
Football Player (born 1987) Letroy Guion
0%
Swimmer (born 1992) Miranda Uhl
0%
Football Player (born 1994) Ralph Webb
0%
Football Player (born 1987) Sean Bedford
0%
No matching quizzes found
Score Distribution
Percent of People with Each Score
Percentile by Number Answered
Your Score History
You have not taken this quiz